Central Library OPAC University of Rajshahi

Physics of fully ionized gases / (Record no. 60299)

MARC details
000 -LEADER
fixed length control field 00795nam a2200241 a 4500
001 - CONTROL NUMBER
control field 60299
003 - CONTROL NUMBER IDENTIFIER
rucl marc code BD-RjUL
005 - DATE AND TIME OF LATEST TRANSACTION
control field 20211209080825.0
008 - FIXED-LENGTH DATA ELEMENTS--GENERAL INFORMATION
fixed length control field 161229r19571956nyua 000 0 eng
035 ## - SYSTEM CONTROL NUMBER
System control number (BD-RjUL) 60423
040 ## - CATALOGING SOURCE
Original cataloging agency DLC/ICU
Transcribing agency ICU
Modifying agency BD-RjUL
Language of cataloging eng
041 ## - LANGUAGE CODE
Language code of text/sound track or separate title eng
082 00 - DEWEY DECIMAL CLASSIFICATION NUMBER
Classification number 530.44
Edition number 23
Author mark and year SPP 1957
100 1# - MAIN ENTRY--PERSONAL NAME
Personal name Spitzer, Lyman,
Dates associated with a name 1914-1997.
9 (RLIN) 179453
245 10 - TITLE STATEMENT
Title Physics of fully ionized gases /
Statement of responsibility, etc. Lyman Spitzer
260 ## - PUBLICATION, DISTRIBUTION, ETC. (IMPRINT)
Place of publication, distribution, etc. New York :
Name of publisher, distributor, etc. Interscience Publishers,
Date of publication, distribution, etc. 1956 [Reprinted 1957]
300 ## - PHYSICAL DESCRIPTION
Pagination 105 p. :
Illustrations illus. ;
Size 21 cm.
650 #0 - SUBJECT ADDED ENTRY--TOPICAL TERM
Topical term or geographic name as entry element Plasma (Ionized gases)
9 (RLIN) 179455
830 ## - SERIES ADDED ENTRY--UNIFORM TITLE
Uniform title Interscience tracts on physics and astronomy,
Volume number/sequential designation 3.
942 ## - ADDED ENTRY ELEMENTS (KOHA)
Source of classification or shelving scheme Dewey Decimal Classification
Koha item type Books
Holdings
Lost status Source of classification or shelving scheme Damaged status Not for loan Collection code Permanent Location Current Location Shelving location Date acquired Source of acquisition Cost, normal purchase price Total Checkouts Full call number Date last seen Copy number Koha item type
  Dewey Decimal Classification   Not For Loan Non-fiction Central Library, University of Rajshahi Central Library, University of Rajshahi Reading Room 13/02/1963 Zeitlinger 30.00   530.44 SPP 1957 29/12/2016 C-1 Books
  Dewey Decimal Classification   Not For Loan Non-fiction Central Library, University of Rajshahi Central Library, University of Rajshahi Reading Room 13/02/1963 Zeitlinger 30.00   530.44 SPP 1957 29/12/2016 C-2 Books